Normal view
MARC view
- Noli Me Tangere (Filipino)
Entry Topical Term
001 - CONTROL NUMBER
- control field: 14163
003 - CONTROL NUMBER IDENTIFIER
- control field: OSt
005 - DATE AND TIME OF LATEST TRANSACTION
- control field: 20160906173739.0
008 - FIXED-LENGTH DATA ELEMENTS
- fixed length control field: 160906|| aca||babn | a|a d
040 ## - CATALOGING SOURCE
- Original cataloging agency: OSt
150 ## - HEADING--TOPICAL TERM
- Topical term or geographic name entry element: Noli Me Tangere (Filipino)
